Vista normal
Vista MARC
Entrada Personal Name
Número de registros utilizados en: 1
001 - CONTROL NUMBER
- control field: 1319
003 - CONTROL NUMBER IDENTIFIER
- control field: OSt
005 - DATE AND TIME OF LATEST TRANSACTION
- control field: 20200309120111.0
008 - FIXED-LENGTH DATA ELEMENTS
- fixed length control field: 200309|| aca||aabn | a|a d
040 ## - CATALOGING SOURCE
- Original cataloging agency: OSt
- Transcribing agency: OSt
100 ## - HEADING--PERSONAL NAME
- Personal name: Mosquera R., José L.,
670 ## - SOURCE DATA FOUND
- Source citation: Work cat.: (OSt)4308: Mosquera R., José L., autor, El monte arrullador /, 2017